Mots de la langue française terminés par "bot" - Statistiques

Statistiques générales
  • Ce quiz a été pris 170 fois
  • Le résultat moyen est 7 sur 15
Statistiques - réponses
Indice Mot % Correct
chien (familier) cabot
95%
chaussure sabot
89%
personne de très petite taille (péjoratif) nabot
87%
outil à bois rabot
80%
navire paquebot
78%
poisson turbot
65%
poche de l'œsophage des oiseaux jabot
56%
machine robot
54%
diffome bot
51%
titi parisien poulbot
41%
pilon à faire le beurre ribot
16%
entrave qu'on attache aux paturons des membres antérieurs du cheval abot
11%
jeune manœuvre dans les mines de charbon galibot
9%
poisson à grosse tête chabot
7%
hanneton escarbot
3%
Aucun quiz correspondant
Distribution des résultats
% des personnes avec chaque résultat
Percentile par nombre de réponses
Votre historique - résultats
Vous n’avez pas pris ce quiz